|
|
|
|
| LEADER |
00000cam a2200000 a 4500 |
| 001 |
vtls001404951 |
| 003 |
SK-MaSNL |
| 005 |
20260301161950.0 |
| 007 |
ad cazzn |
| 008 |
160830s2000 xo if grue 000 0 slo |
| 015 |
|
|
|a SNBC2001/02-01390
|
| 020 |
|
|
|a 8088716896
|
| 035 |
|
|
|a SNK000359542
|
| 035 |
|
|
|a urn:nbn:sk:snk-amk2ev
|
| 035 |
|
|
|a urn:nbn:sk:snk-am00483r
|
| 035 |
|
|
|a 7DF3783F-D8A9-4CCF-82BC-8B690CA2F54C
|
| 040 |
|
|
|a SNK
|b slo
|c SNK
|e AACR2
|
| 041 |
0 |
|
|a slo
|
| 043 |
|
|
|a e-xo---
|
| 044 |
|
|
|a xo
|c SK
|
| 080 |
|
|
|a 908.437.671(084.4)=20=854=30
|2 1981
|
| 080 |
|
|
|a 796.5
|2 1981
|
| 110 |
2 |
|
|a MAPA Slovakia (Bratislava, Slovensko)
|4 aut
|9 33173
|
| 245 |
1 |
0 |
|a Košice a okolie
|h kartografický dokument
|b podrobný atlas mesta : Košický kraj, Medzev, Moldava nad Bodvou
|c spracovala: MAPA Slovakia Bratislava, s.r.o. ; mapová časť: A. Fuknová ; zodpovedný redaktor: A. Magula ; technický redaktor: B. Glos ; foto: L. Lipták ; spolupracoval: J. Ontko
|
| 250 |
|
|
|a 3. dopl. vyd.
|
| 255 |
|
|
|a Mierky: 1:10 000, 1:5 000, 1:200 000
|
| 260 |
|
|
|a Bratislava
|b Mapa Slovakia
|c 2000
|
| 300 |
|
|
|a 1 atlas (104 s.)
|b mapy a text
|c 24 x 17 cm
|
| 500 |
|
|
|a Podnáz. a vysvetl. a angl. a nem.
|
| 500 |
|
|
|a Obsahuje 56 máp podľa kladu l.
|
| 500 |
|
|
|a Obs. inf., klad l., fotogr., graf. mierky, rekl., zoznam firiem, ulíc, vysvetl. Red. uzávierka 31.5.2000. Mierka centrum 1:5 000, mierka mapy Košického kraja 1:200 000
|
| 655 |
|
7 |
|a orientačné plány
|2 SNK
|9 74276
|
| 655 |
|
7 |
|a atlasy
|2 SNKPH
|9 70424
|
| 700 |
1 |
|
|a Fuknová, Alexandra
|4 ctg
|9 43795
|
| 700 |
1 |
|
|a Magula, Anton
|4 lso
|9 6964
|
| 700 |
1 |
|
|a Lipták, L.
|4 pht
|9 525747
|
| 700 |
1 |
|
|a Glos, B.
|4 lso
|9 296698
|
| 700 |
1 |
|
|a Ontko, J.
|4 clb
|9 277715
|
| 919 |
|
|
|a 80-88716-89-6
|
| 923 |
|
|
|a orientačné
|b viazané
|b účelové
|
| 958 |
|
|
|a OND
|
| 999 |
|
|
|c 811503
|d 813433
|
| 952 |
|
|
|t P60, <03>, [BOOK], {603}
|a SNK
|b SNK
|y PREZ
|7 0
|p 17A0266237
|o snkSC 103694
|i snkKSP 1015/2001
|0 0
|1 0
|4 0
|d 2001-01-22
|f 1
|l 0
|r 2025-09-25 00:00:00
|w 2026-02-24
|
| 952 |
|
|
|t P60, <04>, [BOOK], {604}
|a SNK
|b SNK
|y VYP
|7 0
|p 17A0266238
|o snkSC 103694 D1
|i snkKSP 1016/2001
|0 0
|1 0
|4 0
|d 2001-01-22
|l 0
|r 2005-01-02 00:00:00
|w 2026-02-24
|